[Event "XXV Festival Conca della Presolana A"]
[Site "Bratto - Castione della Presolana ITA"]
[Date "2005.08.26"]
[Round "7"]
[White "Bertagia, Roldano"]
[Black "Ticozzi, Stefano"]
[Result "1/2-1/2"]
[WhiteElo "2002"]
[BlackElo "2088"]
[PlyCount "104"]
[EventDate "2005.08.20"]

1. e4 c5 2. f4 d5 3. exd5 Qxd5 4. Nc3 Qd6 5. d3 Nf6 6. Nf3 e6 7. g3 Be7 8. Bg2
O-O 9. O-O Nc6 10. Kh1 a6 11. Ng5 b6 12. Nce4 Qc7 13. Nxf6+ Bxf6 14. Ne4 Be7
15. c3 g6 16. Qe2 Bb7 17. Be3 Rad8 18. Rad1 Rfe8 19. g4 f5 20. Ng3 Bf6 21. h3
Ne7 22. d4 Bxg2+ 23. Kxg2 Nd5 24. dxc5 bxc5 25. Qf3 Qb7 26. Bc1 c4 27. Rfe1 Qb6
28. gxf5 gxf5 29. Nxf5 Nxf4+ 30. Bxf4 exf5 31. Rxe8+ Rxe8 32. Rd2 Kh8 33. Kh2
Rg8 34. Rg2 Rxg2+ 35. Qxg2 Qe6 36. Qa8+ Kg7 37. Qg2+ Kf7 38. Qc2 Kg6 39. Qd2
Kf7 40. Kg3 Kg6 41. Qe3 Qc6 42. Be5 Qe6 43. Bd4 Qd6+ 44. Qf4 Bh4+ 45. Kf3 Qc6+
46. Ke2 Qg2+ 47. Bf2 Bxf2 48. Qxf2 Qxh3 49. Qb6+ Kg5 50. Qd8+ Kh5 51. Qe8+ Kh4
52. Qe7+ Kg4 1/2-1/2

[Event "XXV Festival Conca della Presolana A"]
[Site "Bratto - Castione della Presolana ITA"]
[Date "2005.08.26"]
[Round "7"]
[White "Bonanno, Alessandro"]
[Black "Vinciguerra, Marco"]
[Result "1-0"]
[WhiteElo "2132"]
[BlackElo "2096"]
[PlyCount "51"]
[EventDate "2005.08.20"]

1. e4 d5 2. exd5 Nf6 3. d4 Nxd5 4. c4 Nb6 5. Nf3 g6 6. h3 Bg7 7. Nc3 Nc6 8. Be3
O-O 9. Qd2 e5 10. d5 Ne7 11. g4 f5 12. O-O-O fxg4 13. Ng5 Nf5 14. hxg4 Nxe3 15.
Qxe3 Bxg4 16. Rxh7 Qe8 17. Be2 Bf5 18. Rdh1 Rd8 19. Ne6 Bxe6 20. Rxg7+ Kxg7 21.
Qh6+ Kf6 22. Qh4+ g5 23. Ne4+ Ke7 24. Qxg5+ Kd7 25. dxe6+ Kc8 26. e7 1-0

[Event "XXV Festival Conca della Presolana A"]
[Site "Bratto - Castione della Presolana ITA"]
[Date "2005.08.26"]
[Round "7"]
[White "Bonazzi, Edoardo"]
[Black "Mogranzini, Roberto"]
[Result "1/2-1/2"]
[WhiteElo "2143"]
[BlackElo "2363"]
[PlyCount "116"]
[EventDate "2005.08.20"]

1. c4 Nf6 2. g3 g6 3. Bg2 Bg7 4. Nc3 O-O 5. e4 d6 6. Nge2 c6 7. O-O a6 8. d3
Nbd7 9. h3 b5 10. a3 Rb8 11. b4 Bb7 12. Rb1 bxc4 13. dxc4 a5 14. Be3 axb4 15.
axb4 Ne5 16. Qb3 Bc8 17. f4 Ned7 18. Rfd1 Qc7 19. b5 c5 20. Rd2 Nb6 21. Na4
Nxa4 22. Qxa4 Nd7 23. Qb3 Nb6 24. Nc3 Be6 25. Nd5 Bxd5 26. exd5 Ra8 27. Ra2
Rxa2 28. Qxa2 Ra8 29. Qb3 Ra4 30. Bf1 Qa7 31. Bf2 Ra3 32. Qc2 Kf8 33. Qe4 Ra2
34. Re1 Bc3 35. Re2 Rxe2 36. Bxe2 Qa3 37. Bd3 Qb4 38. h4 Nd7 39. Be2 Qb2 40.
Qd3 Bd4 41. h5 Kg7 42. hxg6 hxg6 43. Kg2 Kf8 44. Be1 Nb6 45. Qd2 Qb1 46. Qd3
Qc1 47. Qd2 Qb1 48. Bd3 Qb3 49. Qe2 Bc3 50. Bf2 Nd7 51. Qc2 Qa3 52. Be3 Nb6 53.
Bf2 Qa1 54. Qe2 Nd7 55. Qc2 Bd4 56. Qb1 Qxb1 57. Bxb1 Bxf2 58. Kxf2 Kg7 1/2-1/2

[Event "XXV Festival Conca della Presolana A"]
[Site "Bratto - Castione della Presolana ITA"]
[Date "2005.08.26"]
[Round "7"]
[White "Bracali, Andrea"]
[Black "Tagliagambe, Stefano"]
[Result "1/2-1/2"]
[WhiteElo "2119"]
[BlackElo "2055"]
[PlyCount "62"]
[EventDate "2005.08.20"]

1. Nf3 d6 2. d4 Bg4 3. g3 Bxf3 4. exf3 e6 5. Bg2 g6 6. O-O Bg7 7. c3 Ne7 8. Qb3
Qc8 9. f4 c6 10. Nd2 d5 11. Re1 O-O 12. Nf3 Nd7 13. Ne5 Qc7 14. Bd2 b5 15. a4
Rab8 16. axb5 Nxe5 17. fxe5 cxb5 18. Ra6 Rb6 19. Rea1 Nc6 20. Qa2 Rfb8 21. b4
Rxa6 22. Qxa6 Rb6 23. Qa2 a6 24. Qb3 Nb8 25. f4 Nd7 26. g4 Qd8 27. Be1 Rc6 28.
Bf3 Qc8 29. f5 Bh6 30. h4 Be3+ 31. Kh1 Nb6 1/2-1/2

[Event "XXV Festival Conca della Presolana A"]
[Site "Bratto - Castione della Presolana ITA"]
[Date "2005.08.26"]
[Round "7"]
[White "Brigati, Alessandro"]
[Black "Virzi, Ettore"]
[Result "1/2-1/2"]
[WhiteElo "2034"]
[BlackElo "2008"]
[PlyCount "85"]
[EventDate "2005.08.20"]

1. Nf3 d5 2. d4 c6 3. Bf4 Bf5 4. e3 Nf6 5. Nbd2 Nbd7 6. h3 e6 7. Be2 Be7 8. O-O
h6 9. c4 O-O 10. c5 b6 11. b4 a5 12. a3 Ne8 13. Ne5 Nxe5 14. Bxe5 f6 15. Bg3
bxc5 16. bxc5 a4 17. Nf3 Bh7 18. Bd3 Nc7 19. Bxh7+ Kxh7 20. Qc2+ Kh8 21. Nh4
Rf7 22. Ng6+ Kg8 23. Rfb1 Nb5 24. Rb4 Qa5 25. Qb1 Bf8 26. Nf4 e5 27. Ne2 exd4
28. exd4 Re7 29. Nf4 Re4 30. Nxd5 Rxd4 31. Nb6 Bxc5 32. Rxd4 Bxd4 33. Nxa8 Bxa1
34. Qxa1 Qxa8 35. Qc1 Qe8 36. Qc4+ Kh8 37. Qxa4 Qe7 38. Qa8+ Kh7 39. a4 Nd4 40.
Qa6 Qe1+ 41. Kh2 Ne2 42. Qd3+ Kh8 43. Qd8+ 1/2-1/2

[Event "XXV Festival Conca della Presolana A"]
[Site "Bratto - Castione della Presolana ITA"]
[Date "2005.08.26"]
[Round "7"]
[White "Buchicchio, Giampaolo"]
[Black "Palac, Mladen"]
[Result "0-1"]
[WhiteElo "2326"]
[BlackElo "2566"]
[PlyCount "62"]
[EventDate "2005.08.20"]

1. e4 c5 2. c3 Nf6 3. e5 Nd5 4. d4 cxd4 5. Nf3 Nc6 6. cxd4 d6 7. Bc4 Nb6 8. Bb5
dxe5 9. Nxe5 Bd7 10. Nxd7 Qxd7 11. Nc3 e6 12. O-O Rd8 13. Be3 Be7 14. Qg4 O-O
15. Rfd1 f5 16. Qh5 a6 17. Bf1 Bf6 18. a4 Nb4 19. d5 N6xd5 20. Bc5 Qf7 21.
Qxf7+ Rxf7 22. Bxb4 Nxb4 23. Rxd8+ Bxd8 24. Bc4 Re7 25. Ne2 Kf7 26. Nf4 Kf6 27.
Re1 e5 28. Nd5+ Nxd5 29. Bxd5 Bb6 30. b3 Rd7 31. Rd1 Bd4 0-1

[Event "XXV Festival Conca della Presolana A"]
[Site "Bratto - Castione della Presolana ITA"]
[Date "2005.08.26"]
[Round "7"]
[White "Buono, Michele"]
[Black "Cereda, Loris"]
[Result "1-0"]
[WhiteElo "2133"]
[BlackElo "2059"]
[PlyCount "61"]
[EventDate "2005.08.20"]

1. e4 e5 2. Bc4 Nc6 3. Nc3 Nf6 4. d3 Bb4 5. Bg5 h6 6. Bxf6 Bxc3+ 7. bxc3 Qxf6
8. Ne2 g5 9. d4 d6 10. Rb1 h5 11. Bb5 a6 12. Bxc6+ bxc6 13. d5 c5 14. Qd3 Ke7
15. f3 a5 16. c4 g4 17. O-O Qg6 18. f4 f6 19. Rb3 Bd7 20. Rb7 Rac8 21. Qe3 h4
22. f5 Qh5 23. Nc3 g3 24. h3 Rb8 25. Rfb1 Rxb7 26. Rxb7 Rc8 27. Rb1 Qh8 28. a4
Rb8 29. Nb5 Qh5 30. Qd2 c6 31. dxc6 1-0

[Event "XXV Festival Conca della Presolana A"]
[Site "Bratto - Castione della Presolana ITA"]
[Date "2005.08.26"]
[Round "7"]
[White "Capone, Vincenzo"]
[Black "Ricci, Alfredo"]
[Result "1-0"]
[WhiteElo "2123"]
[BlackElo "2015"]
[PlyCount "65"]
[EventDate "2005.08.20"]

1. e4 c5 2. Nf3 e6 3. d3 g6 4. Nbd2 Bg7 5. g3 d5 6. Bg2 Nf6 7. O-O O-O 8. c3
Nc6 9. e5 Nd7 10. d4 b6 11. Re1 Bb7 12. Nf1 h6 13. h4 Rc8 14. Bf4 cxd4 15. cxd4
Nb4 16. Ne3 Qe7 17. a3 Nc6 18. Ng4 h5 19. Bg5 f6 20. exf6 Nxf6 21. Nge5 Kh7 22.
Bf1 Qe8 23. Bxf6 Bxf6 24. Bd3 Bxe5 25. Nxe5 Nxe5 26. Qxh5+ Kg7 27. Qxe5+ Rf6
28. g4 Kf7 29. Re3 Qe7 30. g5 Rf5 31. Bxf5 gxf5 32. Rae1 Rc6 33. Qxf5+ 1-0

[Event "XXV Festival Conca della Presolana A"]
[Site "Bratto - Castione della Presolana ITA"]
[Date "2005.08.26"]
[Round "7"]
[White "Caruso, Augusto"]
[Black "Vinzoni, Andrea"]
[Result "1-0"]
[WhiteElo "2259"]
[BlackElo "2108"]
[PlyCount "97"]
[EventDate "2005.08.20"]

1. Nc3 d5 2. Nf3 Nf6 3. d4 Bf5 4. Ne5 e6 5. e3 Nfd7 6. Nd3 c5 7. g4 Bg6 8. Nf4
Be7 9. Bg2 Nc6 10. e4 Nxd4 11. Nxg6 hxg6 12. exd5 Qc7 13. dxe6 fxe6 14. Ne2
Rxh2 15. Nxd4 Rxh1+ 16. Bxh1 cxd4 17. Qxd4 Bc5 18. Qe4 O-O-O 19. Bd2 Nf6 20.
Qxe6+ Qd7 21. Qxd7+ Rxd7 22. g5 Bxf2+ 23. Kxf2 Rxd2+ 24. Ke3 Rxc2 25. gxf6 gxf6
26. Rb1 b6 27. Be4 Rh2 28. Bxg6 Kd7 29. Rd1+ Ke6 30. Rd2 Rh4 31. Rf2 Ke5 32. b3
Rh3+ 33. Rf3 Rh2 34. Rf5+ Ke6 35. Rf2 Rh4 36. Bd3 Ke5 37. a4 Rh5 38. Be2 Rh4
39. Bc4 f5 40. Rd2 Rh3+ 41. Ke2 Rh2+ 42. Kd3 Rh3+ 43. Kc2 Rh6 44. Rd7 a5 45.
Re7+ Kd6 46. Rf7 Ke5 47. Bd3 Rh5 48. Kc3 Rg5 49. Rxf5+ 1-0

[Event "XXV Festival Conca della Presolana A"]
[Site "Bratto - Castione della Presolana ITA"]
[Date "2005.08.26"]
[Round "7"]
[White "Castelfranchi, Carlo"]
[Black "Rorato, Renzo"]
[Result "0-1"]
[WhiteElo "2073"]
[BlackElo "2120"]
[PlyCount "54"]
[EventDate "2005.08.20"]

1. e4 c5 2. Nf3 d6 3. d4 cxd4 4. Nxd4 Nf6 5. Nc3 a6 6. Bg5 e6 7. f4 Be7 8. Qf3
Qc7 9. O-O-O Nbd7 10. Bd3 h6 11. Qh3 Rg8 12. Rhe1 hxg5 13. fxg5 Ne5 14. gxf6
Bxf6 15. Qh7 Rf8 16. Bb5+ axb5 17. Ndxb5 Qc5 18. Nxd6+ Ke7 19. Kb1 Bd7 20. Qh3
Ra6 21. Nxb7 Qc7 22. Nb5 Bxb5 23. Qb3 Qxb7 24. Qb4+ Ke8 25. c4 Bc6 26. Qc5
Bxe4+ 27. Ka1 Nd3 0-1

[Event "XXV Festival Conca della Presolana A"]
[Site "Bratto - Castione della Presolana ITA"]
[Date "2005.08.26"]
[Round "7"]
[White "Cebalo, Miso"]
[Black "Salvador, Roland"]
[Result "1-0"]
[WhiteElo "2511"]
[BlackElo "2416"]
[PlyCount "67"]
[EventDate "2005.08.20"]

1. d4 d5 2. c4 dxc4 3. Nf3 a6 4. e3 Nf6 5. Bxc4 b5 6. Bb3 Bb7 7. a4 b4 8. O-O
e6 9. Nbd2 c5 10. e4 cxd4 11. e5 Nfd7 12. Nc4 Nc5 13. Bg5 Qc7 14. Rc1 h6 15.
Bh4 Nc6 16. Re1 Nxb3 17. Qxb3 Bc5 18. Nfd2 O-O 19. Ne4 Be7 20. Bf6 Rfd8 21. Qg3
Bxf6 22. Nxf6+ Kh8 23. Nh5 Rg8 24. Nd6 Raf8 25. Qf4 f6 26. exf6 Ba8 27. Rxe6
gxf6 28. Qxh6+ Qh7 29. Qxh7+ Kxh7 30. Nxf6+ Rxf6 31. Rxf6 d3 32. Nf5 Rg6 33.
Rf7+ Kg8 34. Rd7 1-0

[Event "XXV Festival Conca della Presolana A"]
[Site "Bratto - Castione della Presolana ITA"]
[Date "2005.08.26"]
[Round "7"]
[White "Cecchetto, Vanni"]
[Black "Giretti Kanev, Jasen"]
[Result "0-1"]
[WhiteElo "2019"]
[BlackElo "2183"]
[PlyCount "84"]
[EventDate "2005.08.20"]

1. Nf3 Nf6 2. c4 e6 3. Nc3 Bb4 4. a3 Bxc3 5. bxc3 b6 6. d4 Ba6 7. e3 Nc6 8. Bd3
Na5 9. Qe2 d5 10. cxd5 Bxd3 11. Qxd3 Qxd5 12. O-O Qe4 13. Qe2 O-O 14. Ne5 c5
15. f3 Qb7 16. Rb1 Nd5 17. Bd2 f6 18. c4 Qa6 19. Rfe1 fxe5 20. cxd5 Qxe2 21.
Rxe2 Nc4 22. dxe6 exd4 23. exd4 Nxa3 24. Rb3 Nc2 25. Bc3 cxd4 26. Rxc2 Rac8 27.
Rc1 dxc3 28. Rbxc3 Rxc3 29. Rxc3 Re8 30. Rc6 g6 31. h4 b5 32. g4 Re7 33. Ra6 b4
34. Ra4 Rb7 35. Kf2 b3 36. Rd4 Kf8 37. Rd1 b2 38. Rb1 a5 39. Ke2 a4 40. Kd2 a3
41. Kc2 a2 42. Rxb2 Rc7+ 0-1

[Event "XXV Festival Conca della Presolana A"]
[Site "Bratto - Castione della Presolana ITA"]
[Date "2005.08.26"]
[Round "7"]
[White "Corvi, Marco"]
[Black "Ranola, Yves"]
[Result "0-1"]
[WhiteElo "2317"]
[BlackElo "2466"]
[PlyCount "130"]
[EventDate "2005.08.20"]

1. c4 g6 2. Nc3 Bg7 3. Nf3 d6 4. d4 Bg4 5. h3 Bxf3 6. exf3 Nc6 7. d5 Nd4 8. Be3
e5 9. Qa4+ Kf8 10. Bd3 Nf6 11. O-O Nd7 12. Rae1 a5 13. Qd1 Nc5 14. Bb1 Nf5 15.
Bxc5 dxc5 16. f4 exf4 17. Bxf5 gxf5 18. Qh5 Qf6 19. Nb5 c6 20. Nc3 Rg8 21. Re2
Qg6 22. Qxg6 hxg6 23. Rfe1 Rd8 24. Na4 Bd4 25. Nb6 Bf6 26. Rd1 cxd5 27. Nxd5
Kg7 28. Rde1 Bg5 29. a4 Rh8 30. f3 Bh4 31. Rd1 Bg3 32. Kf1 Rhe8 33. Rdd2 Re6
34. Rc2 Rb6 35. Rc3 Re6 36. Rcc2 Rb6 37. Rc3 Rd7 38. Rd3 Rbd6 39. Rdd2 Bh4 40.
Re8 Re6 41. Re2 Rdd6 42. b3 Rxe8 43. Rxe8 Bg3 44. Re2 Kf8 45. Rd2 Re6 46. Re2
g5 47. Nc7 Rb6 48. Nb5 Kg7 49. Re8 Kg6 50. Re2 g4 51. fxg4 fxg4 52. hxg4 Kg5
53. Re7 Kxg4 54. Ke2 Bh4 55. Rxf7 Re6+ 56. Kd2 Kg3 57. Rg7+ Kf2 58. Nc3 Bf6 59.
Nd1+ Kf1 60. Rg4 Rd6+ 61. Kc2 Ke2 62. Rxf4 Rd2+ 63. Kc1 Rxd1+ 64. Kc2 Rd2+ 65.
Kc1 Bg5 0-1

[Event "XXV Festival Conca della Presolana A"]
[Site "Bratto - Castione della Presolana ITA"]
[Date "2005.08.26"]
[Round "7"]
[White "D'Apa, Matteo"]
[Black "Cazzaniga, Walter"]
[Result "1/2-1/2"]
[WhiteElo "1995"]
[BlackElo "2123"]
[PlyCount "65"]
[EventDate "2005.08.20"]

1. d4 Nf6 2. c4 g6 3. Nc3 Bg7 4. e4 d6 5. f3 O-O 6. Be3 Nc6 7. Qd2 a6 8. O-O-O
Rb8 9. Bh6 e5 10. d5 Nd4 11. h4 Nh5 12. Bxg7 Kxg7 13. Nge2 Nxe2+ 14. Nxe2 Qf6
15. Kb1 Bd7 16. Qe3 Nf4 17. g4 h6 18. Rd2 b6 19. Nxf4 exf4 20. Qd4 Qxd4 21.
Rxd4 Kf6 22. Be2 Ke5 23. Rdd1 b5 24. Kc2 Rb6 25. h5 g5 26. Kc3 Rfb8 27. b3 a5
28. Rd2 f6 29. Rb1 bxc4 30. Bxc4 Bb5 31. Rbb2 Bxc4 32. Kxc4 Rb5 33. Rbc2
1/2-1/2

[Event "XXV Festival Conca della Presolana A"]
[Site "Bratto - Castione della Presolana ITA"]
[Date "2005.08.26"]
[Round "7"]
[White "Di Donato, Giovanni"]
[Black "Zanellato, Lorenzo"]
[Result "0-1"]
[WhiteElo "1999"]
[BlackElo "2087"]
[PlyCount "138"]
[EventDate "2005.08.20"]

1. e4 c6 2. d4 d5 3. e5 Bf5 4. Nc3 e6 5. g4 Bg6 6. Nge2 f6 7. Nf4 fxe5 8. Nxe6
Qe7 9. Nxf8 exd4+ 10. Ne2 Kxf8 11. Qxd4 Nd7 12. Bd2 Be4 13. Rg1 c5 14. Qc3 Qf6
15. O-O-O Qxc3 16. Nxc3 Bf3 17. Re1 d4 18. Nb5 Ngf6 19. Nc7 Rc8 20. Ne6+ Kg8
21. g5 Ne4 22. Bf4 Nxf2 23. Bc4 b5 24. Nxd4+ bxc4 25. Nxf3 Nh3 26. Rg4 Rf8 27.
Bd6 Rxf3 28. Rg3 Rxg3 29. hxg3 Kf7 30. Re7+ Kg6 31. Rxd7 Nxg5 32. Rxa7 Ne4 33.
Ra6 Kf5 34. a4 Rd8 35. Bf4 g5 36. Be3 h5 37. Ra5 Rd5 38. Ra8 Nxg3 39. Rg8 Ne4
40. a5 Rd6 41. Rc8 Ra6 42. Rf8+ Kg4 43. Re8 Kf3 44. Bxg5 Nxg5 45. Re5 Ne4 46.
Rxh5 Rxa5 47. b4 Rb5 48. Rh3+ Kg4 49. Ra3 cxb4 50. Ra4 Kf3 51. Kb2 Ke3 52. Ra8
Kd4 53. Rd8+ Ke3 54. Rc8 Nc5 55. Re8+ Kd4 56. Rd8+ Ke5 57. Re8+ Kd6 58. Rd8+
Nd7 59. Rc8 Kd5 60. Rc7 Nc5 61. Rc8 Rb6 62. Rd8+ Rd6 63. Rb8 b3 64. cxb3 Nxb3
65. Kc3 Nc5 66. Rb5 Rh6 67. Kb4 Kd4 68. Ka3 Ra6+ 69. Kb2 Rb6 0-1

[Event "XXV Festival Conca della Presolana A"]
[Site "Bratto - Castione della Presolana ITA"]
[Date "2005.08.26"]
[Round "7"]
[White "Di Paolo, Raffaele"]
[Black "Rosin, Federico"]
[Result "0-1"]
[WhiteElo "2271"]
[BlackElo "2127"]
[PlyCount "80"]
[EventDate "2005.08.20"]

1. e4 c5 2. Nf3 Nc6 3. Nc3 e5 4. Bc4 Be7 5. d3 Nf6 6. O-O O-O 7. Bg5 d6 8. h3
Be6 9. Bxf6 Bxf6 10. Nd5 Rb8 11. a4 Nd4 12. c3 Nxf3+ 13. Qxf3 Bg5 14. Kh2 Kh8
15. Ne3 Bf4+ 16. g3 Bxe3 17. fxe3 Bxc4 18. dxc4 Qb6 19. Qe2 Qc6 20. Qd3 Rbe8
21. b3 Re6 22. Rad1 Rh6 23. g4 Kg8 24. Rf5 Qb6 25. Qc2 a5 26. Rdf1 Qd8 27. g5
Rg6 28. h4 h6 29. Rg1 hxg5 30. Rgxg5 Rxg5 31. hxg5 g6 32. Rf6 Kg7 33. Kg1 Rh8
34. Qf2 Qe7 35. Qd2 Rh5 36. Kf1 Rxg5 37. Rxd6 Rh5 38. Rd7 Qe6 39. Qd3 Rh1+ 40.
Kf2 Qg4 0-1

[Event "XXV Festival Conca della Presolana A"]
[Site "Bratto - Castione della Presolana ITA"]
[Date "2005.08.26"]
[Round "7"]
[White "Drazic, Sinisa"]
[Black "Brunner, Nicolas"]
[Result "1-0"]
[WhiteElo "2497"]
[BlackElo "2386"]
[PlyCount "95"]
[EventDate "2005.08.20"]

1. d4 Nf6 2. c4 e6 3. a3 d5 4. Nc3 Be7 5. Bg5 O-O 6. Nf3 Nbd7 7. e3 h6 8. Bh4
b6 9. Rc1 Bb7 10. Bd3 dxc4 11. Bxc4 c5 12. O-O cxd4 13. Nxd4 Ne5 14. Be2 Nc6
15. Ncb5 Nxd4 16. Nxd4 Bc5 17. Nb5 a6 18. Nc3 Be7 19. Na4 Rc8 20. Qxd8 Bxd8 21.
Bf3 Rxc1 22. Rxc1 Bxf3 23. gxf3 Nd5 24. Bxd8 Rxd8 25. Rc6 b5 26. Nc5 a5 27. Nb7
Ra8 28. Rc5 b4 29. a4 b3 30. Rb5 Rc8 31. Nxa5 Rc1+ 32. Kg2 Ra1 33. Nxb3 Rxa4
34. f4 g5 35. f5 Rg4+ 36. Kf3 Rh4 37. fxe6 fxe6 38. Nd4 Kf7 39. Kg3 h5 40. h3
Re4 41. b4 Kf6 42. Rb8 Ne7 43. Kf3 Rh4 44. b5 Nf5 45. Rf8+ Ke5 46. Rxf5+ exf5
47. b6 g4+ 48. Ke2 1-0

[Event "XXV Festival Conca della Presolana A"]
[Site "Bratto - Castione della Presolana ITA"]
[Date "2005.08.26"]
[Round "7"]
[White "Epishin, Vladimir V."]
[Black "Dervishi, Erald"]
[Result "1/2-1/2"]
[WhiteElo "2600"]
[BlackElo "2482"]
[PlyCount "22"]
[EventDate "2005.08.20"]

1. d4 Nf6 2. c4 e6 3. Nf3 b6 4. g3 Bb7 5. Bg2 Be7 6. Nc3 Ne4 7. Bd2 d5 8. cxd5
exd5 9. Ne5 O-O 10. O-O Na6 11. Be3 c5 1/2-1/2

[Event "XXV Festival Conca della Presolana A"]
[Site "Bratto - Castione della Presolana ITA"]
[Date "2005.08.26"]
[Round "7"]
[White "Femiano, Andrea"]
[Black "Osuna Munoz, Xavier"]
[Result "1-0"]
[WhiteElo "2177"]
[BlackElo "2092"]
[PlyCount "49"]
[EventDate "2005.08.20"]

1. e4 c5 2. Nf3 Nc6 3. d4 cxd4 4. Nxd4 e5 5. Nb5 a6 6. Nd6+ Bxd6 7. Qxd6 Qf6 8.
Qd1 Qg6 9. Nc3 Nge7 10. Be3 O-O 11. Qd2 d5 12. exd5 Nb4 13. O-O-O Rd8 14. Bc5
Nbc6 15. Bd3 e4 16. Bxe4 Bf5 17. Bxf5 Qxf5 18. Rhe1 Ng6 19. Bb6 Rd7 20. Ne4 Rc8
21. Nc5 Rd6 22. Nxb7 Nb4 23. Bc5 Rb6 24. Bxb4 Rxb4 25. Nd6 1-0

[Event "XXV Festival Conca della Presolana A"]
[Site "Bratto - Castione della Presolana ITA"]
[Date "2005.08.26"]
[Round "7"]
[White "Forato, Enrico"]
[Black "Raselli, Claudio"]
[Result "0-1"]
[WhiteElo "1974"]
[BlackElo "2063"]
[PlyCount "62"]
[EventDate "2005.08.20"]

1. e4 c5 2. Nf3 d6 3. d4 cxd4 4. Nxd4 Nf6 5. Nc3 a6 6. Be2 e5 7. Nb3 Be7 8. O-O
O-O 9. f4 Qc7 10. f5 b5 11. g4 Bb7 12. Bf3 b4 13. Nd5 Nxd5 14. exd5 Qb6+ 15.
Kh1 h6 16. Qd3 Nd7 17. Be3 Qc7 18. Nd2 Rac8 19. Rac1 Nc5 20. Qe2 Bf6 21. Ne4
Nxe4 22. Bxe4 Qc4 23. Qg2 Bg5 24. Bxg5 hxg5 25. f6 Rc5 26. fxg7 Kxg7 27. Rcd1
f5 28. gxf5 Kf6 29. Qf3 Rh8 30. Rg1 Rh4 31. Bd3 Bxd5 0-1

[Event "XXV Festival Conca della Presolana A"]
[Site "Bratto - Castione della Presolana ITA"]
[Date "2005.08.26"]
[Round "7"]
[White "Gardi, Giuseppe"]
[Black "Gosio, Denis"]
[Result "0-1"]
[WhiteElo "2099"]
[BlackElo "2152"]
[PlyCount "108"]
[EventDate "2005.08.20"]

1. d4 Nf6 2. Nf3 g6 3. Bf4 Bg7 4. h3 c5 5. e3 b6 6. Be2 Bb7 7. O-O O-O 8. c3 d5
9. a4 Nc6 10. Ne5 Nd7 11. Nxd7 Qxd7 12. Bb5 a6 13. Bxc6 Qxc6 14. Nd2 f6 15. Nf3
Rae8 16. b4 e5 17. Bh2 c4 18. b5 axb5 19. axb5 Qd7 20. Ra7 Rf7 21. Qa4 h6 22.
Ne1 g5 23. Nc2 h5 24. Nb4 e4 25. Nc6 Bh6 26. Qa3 Bf8 27. Qc1 Qe6 28. Qd1 g4 29.
h4 Bxc6 30. Rxf7 Kxf7 31. bxc6 Qxc6 32. Qb1 Bh6 33. Qb4 Ra8 34. Qb2 b5 35. Rb1
Bf8 36. Bf4 b4 37. cxb4 Qb5 38. f3 Ra4 39. Qe2 Rxb4 40. Rxb4 Qxb4 41. fxg4 Qb1+
42. Kh2 c3 43. gxh5 c2 44. Qg4 c1=Q 45. Qd7+ Be7 46. Qxd5+ Kf8 47. Bh6+ Ke8 48.
Qg8+ Kd7 49. Qg4+ Kc6 50. Qc8+ Kd5 51. Qg8+ Kc6 52. Qc8+ Kb5 53. Qd7+ Kc4 54.
Qxe7 Kd3 0-1

[Event "XXV Festival Conca della Presolana A"]
[Site "Bratto - Castione della Presolana ITA"]
[Date "2005.08.26"]
[Round "7"]
[White "Gasperoni, Stefano"]
[Black "Alberton, Roberto"]
[Result "0-1"]
[WhiteElo "2021"]
[BlackElo "2108"]
[PlyCount "74"]
[EventDate "2005.08.20"]

1. e4 c5 2. Nf3 d6 3. d4 cxd4 4. Nxd4 Nf6 5. Nc3 a6 6. Be2 e5 7. Nb3 Be7 8. O-O
Be6 9. f4 Qc7 10. Qe1 O-O 11. Be3 exf4 12. Rxf4 Nbd7 13. Nd4 Ne5 14. Qg3 Ng6
15. Rf2 b5 16. a3 Rac8 17. Raf1 Qd7 18. Rxf6 Bxf6 19. Rxf6 gxf6 20. Bh6 Kh8 21.
h4 Rg8 22. Qf2 Qd8 23. Bd3 Ne5 24. Nd5 Ng4 25. Qf4 Nxh6 26. Qxh6 Rg6 27. Qf4
Qg8 28. Ne3 Bh3 29. Bf1 Qd8 30. Kh1 Be6 31. Bd3 Rc5 32. Ndf5 Bxf5 33. Nxf5 Re5
34. Nh6 Qe7 35. Nf5 Rxf5 36. exf5 Rg8 37. Qh6 Qe1+ 0-1

[Event "XXV Festival Conca della Presolana A"]
[Site "Bratto - Castione della Presolana ITA"]
[Date "2005.08.26"]
[Round "7"]
[White "Hunt, Adam C."]
[Black "Salami, Marco"]
[Result "1-0"]
[WhiteElo "2427"]
[BlackElo "2221"]
[PlyCount "43"]
[EventDate "2005.08.20"]

1. e4 e6 2. d4 d5 3. Nc3 Bb4 4. e5 c5 5. a3 Bxc3+ 6. bxc3 Qc7 7. Nf3 Ne7 8. h4
b6 9. h5 Ba6 10. h6 gxh6 11. Bxa6 Nxa6 12. Qd3 Nb8 13. Bxh6 Nd7 14. Bg5 Ng6 15.
Rh6 Rc8 16. Kd2 Ngf8 17. Nh2 Rg8 18. f4 cxd4 19. cxd4 Qc6 20. a4 Qb7 21. Qa3
Ng6 22. Rxg6 1-0

[Event "XXV Festival Conca della Presolana A"]
[Site "Bratto - Castione della Presolana ITA"]
[Date "2005.08.26"]
[Round "7"]
[White "Iordachescu, Viorel"]
[Black "Qendro, Llambi"]
[Result "1/2-1/2"]
[WhiteElo "2606"]
[BlackElo "2357"]
[PlyCount "89"]
[EventDate "2005.08.20"]

1. e4 g6 2. d4 Bg7 3. Nf3 c6 4. c3 d6 5. Bd3 Nf6 6. O-O O-O 7. Re1 Qc7 8. h3 e5
9. Nbd2 Nbd7 10. a4 Re8 11. Bc2 b6 12. a5 Bb7 13. dxe5 dxe5 14. Nc4 Bf8 15. Bg5
b5 16. Ne3 c5 17. c4 Nxe4 18. a6 Bc6 19. cxb5 Nxg5 20. bxc6 Nxf3+ 21. Qxf3 Nb6
22. Rad1 Rad8 23. h4 Rd4 24. Ng4 Bg7 25. Rxd4 cxd4 26. Bb3 Qe7 27. h5 gxh5 28.
Nh2 e4 29. Qxh5 Qf6 30. Nf3 e3 31. fxe3 dxe3 32. Re2 h6 33. Qc5 Qe7 34. Qf5 Qf6
35. Qc2 Qe7 36. Qd3 Qe4 37. Qxe4 Rxe4 38. Kf1 Kf8 39. Rc2 Rb4 40. Ba2 Rxb2 41.
Rxb2 Bxb2 42. Nh4 Ke7 43. Nf5+ Kd8 44. Bxf7 Kc7 45. Nxh6 1/2-1/2

[Event "XXV Festival Conca della Presolana A"]
[Site "Bratto - Castione della Presolana ITA"]
[Date "2005.08.26"]
[Round "7"]
[White "Jones, Gawain C.B."]
[Black "Drasko, Milan"]
[Result "1/2-1/2"]
[WhiteElo "2442"]
[BlackElo "2516"]
[PlyCount "28"]
[EventDate "2005.08.20"]

1. e4 e6 2. d4 d5 3. Nd2 Be7 4. Ngf3 Nf6 5. e5 Nfd7 6. Bd3 c5 7. c3 b6 8. Qe2
a5 9. c4 Nc6 10. cxd5 exd5 11. O-O Nf8 12. Rd1 Ne6 13. Bb5 Bb7 14. Nf1 O-O
1/2-1/2

[Event "XXV Festival Conca della Presolana A"]
[Site "Bratto - Castione della Presolana ITA"]
[Date "2005.08.26"]
[Round "7"]
[White "Lalic, Bogdan"]
[Black "Groszpeter, Attila"]
[Result "1/2-1/2"]
[WhiteElo "2491"]
[BlackElo "2525"]
[PlyCount "36"]
[EventDate "2005.08.20"]

1. d4 Nf6 2. c4 e6 3. Nf3 b6 4. g3 Ba6 5. b3 Bb4+ 6. Bd2 Be7 7. Bg2 c6 8. Bc3
d5 9. Nbd2 Nbd7 10. O-O O-O 11. Re1 Bb7 12. e4 Nxe4 13. Nxe4 dxe4 14. Rxe4 c5
15. Re3 Bf6 16. dxc5 Bxc3 17. Rxc3 Nxc5 18. Qe2 Qf6 1/2-1/2

[Event "XXV Festival Conca della Presolana A"]
[Site "Bratto - Castione della Presolana ITA"]
[Date "2005.08.26"]
[Round "7"]
[White "Lanzani, Mario"]
[Black "Marzano, Carlo"]
[Result "1-0"]
[WhiteElo "2356"]
[BlackElo "2201"]
[PlyCount "83"]
[EventDate "2005.08.20"]

1. e4 Nc6 2. Nf3 d6 3. d4 Nf6 4. Nc3 Bg4 5. d5 Ne5 6. Nxe5 Bxd1 7. Bb5+ c6 8.
dxc6 dxe5 9. c7+ Qd7 10. Bxd7+ Kxd7 11. Kxd1 e6 12. f3 Kxc7 13. Ke2 Kc6 14. Nd1
Bc5 15. Be3 Nd7 16. Nf2 Bxe3 17. Kxe3 Nc5 18. Rhd1 Rad8 19. Nd3 Nxd3 20. Rxd3
Rxd3+ 21. Kxd3 h5 22. Ke2 h4 23. Rd1 Rg8 24. Ke3 g5 25. c4 Rf8 26. b4 a6 27. a3
Rg8 28. c5 Rf8 29. Rd6+ Kc7 30. a4 Rg8 31. h3 Ra8 32. Kd3 Rf8 33. Kc4 Rg8 34.
b5 axb5+ 35. Kxb5 Ra8 36. c6 bxc6+ 37. Rxc6+ Kd7 38. Rb6 Ra7 39. a5 Kc8 40. a6
Kc7 41. Kc5 Kc8 42. Kd6 1-0